000 00304nam a22001337a 4500
008 171027b xxu||||| |||| 00| 0 eng d
020 _a9781878975010
041 _aeng
080 _a336
100 _a56
101 _aFIN
245 _aTHE INTERNATIONAL FINANCE READER
_cKOLB.R.W
942 _2udc
_cBK
999 _c36202
_d36202